00750nam a2200181 a 450000100100000000500170001000800410002702000150006804000250008308200180010810000220012624502130014826000770036150000380043860000280047665000310050470000330053500002345420200930022230.0101208s1995 sp r 000 0 spa d a8481090441 aDO-SdBNPbspacBNPHU a232.901bD7761 aDrewermann, Eugen10aTu nombre es como el sabor de la vida :bel relato de la infancia de Jesús según el evangelio de Lucas : una interpretación psicoanalítica /cEugen Drewermann ; traducción de José Luis Gil Aristu. aBarcelona, (España) :bGalaxia Gutenberg Círculo de Lectores,c1995. aIncluye notas al pie de páginas14aJESUCRISTOxBIOGRAFÍA 4aCristianismoxBiografías1 aGil Aristu, José Luisetr.